| 000 | 00436nam a2200157 i 4500 | ||
|---|---|---|---|
| 001 | 82673 | ||
| 003 | ES-MaACL | ||
| 005 | 20230906174720.0 | ||
| 007 | t| | ||
| 008 | 041111s1971 sp ||||1| spa d | ||
| 245 | 0 | 0 |
_aI Ching / _cedición, prólogo, traducción y notas de Mirko Lauer. |
| 260 |
_aBarcelona : _bBarral, _c1971. |
||
| 300 |
_a310 p. ; _c19 cm. |
||
| 700 | 1 |
_aLauer, Mirko. _970589 |
|
| 852 |
_aES-MaACL _jC-45467 _bR.79028 |
||
| 999 |
_c82673 _d82673 |
||